Sobre el planeamiento y la vivienda en Cuba /

Αποθηκεύτηκε σε:
Λεπτομέρειες βιβλιογραφικής εγγραφής
Κύριος συγγραφέας: Segre, Roberto
Μορφή: Άγνωστο
Γλώσσα:Spanish
Θέματα:
Ετικέτες: Προσθήκη ετικέτας
Δεν υπάρχουν, Καταχωρήστε ετικέτα πρώτοι!

MARC

LEADER 000000000a22000000004500
001 002234
041 0 |a spa 
100 1 |a Segre, Roberto 
245 1 0 |a Sobre el planeamiento y la vivienda en Cuba /   |c Roberto Segre. 
310 |a trimestral 
650 4 |a ALVAREZ, JORGE 
650 4 |a GARCIA VASQUEZ, FRANCISCO 
650 4 |a PLANEAMIENTO 
650 4 |a VIVIENDA 
650 4 |a REVOLUCION CUBANA 
650 4 |a CUBA 
773 0 |x 008-7157  |d Cuba : Editorial Casa de las Américas  |t Casa de las Américas  |g número 51-52 (1968-1969), páginas 240-241 
942 |c ARC 
999 |c 9784  |d 9784